000 00725nam a22001937a 4500
005 20100811123133.0
010 _aENG-99637
020 _a9780195699333
_c795.00
035 _aEN-83169
037 _bDBAD/PUB
082 _a320.011
100 _aBhargava, Rajeev
_910802
245 _aWhat is political theory and why do we need it? /
_cby Rajeev Bhargava
260 _aNew Delhi
_bOxford University Press
_c2010
270 _aYMCA Library Building, Jai Singh Road,
_bNew Delhi
_e110001
300 _axiv, 406p.
_c22cm (Hb)
942 _2ddc
_cEN
_h320.011
_mBHA
999 _c40933
_d40933